000 01069cam a2200265 a 4500
999 _c129084
_d129084
001 15737659
003 ARRUPE
005 20190222090414.0
008 090514s2009 nyua b 001 0 eng
010 _a 2009019516
020 _a9780143114598
040 _aDLC
_cDLC
_dDLC
050 0 0 _aBQ9286
_b.B65 2009
082 0 0 _a650.14
_222
100 1 _aBoldt, Laurence G.
_944839
245 1 0 _aZen and the art of making a living :
_ba practical guide to creative career design /
_cLaurence G. Boldt.
250 _aRev. ed.
260 _aNew York :
_bPenguin Books,
_cc2009.
300 _axxxiv, 569 p. :
_bill. ;
_c24 cm.
504 _aIncludes bibliographical references and index.
650 0 _aZen Buddhism.
_944840
650 0 _aReligious life
_xZen Buddhism.
_944841
906 _a7
_bcbc
_corignew
_d1
_eecip
_f20
_gy-gencatlg
942 _2lcc
_cMONOGRAPH